Quizzes
Events
Quiz Creation
Community
Videos
Private Events
Remove Ads
Sign In
Join for FREE
Feedback
Dark Mode
Quiz Categories
Sports
Geography
Music
Movies
Television
Just For Fun
Miscellaneous
History
Literature
Language
Science
Gaming
Entertainment
Religion
Holiday
For Kids
Quiz Lab
Recent
Popular Today
Quiz Kudos Today
Editor Picks
Curator Picks
Quizzes by...
Day
Popularity
Type
Ratings
Length
Year
Community
Subscriptions
Recent Discussions
Orange Saloon
Badges
Playlists
Quests
Create
Leaderboards
Showdown
Live 5
Trivia Bingo
Activity
Puzzle Library
Sporcle Events
Private Events
Virtual Trivia
Globe League
Become a Host
Pub Owners
SporcleCon
Opinionation
Our Games
Videos
Blog
Mobile Apps
Partnerships
Remove Ads and Go Orange
Feedback
Sports
Athletes
MLB
NBA
NHL
NFL
Soccer
Sports Teams
WWE
NCAA
Football
Premier League
Basketball
Baseball
Hockey
Golf
Tennis
Cricket
Rugby
Auto Racing
Olympics
World Cup
Sports
Athletes
MLB
NBA
NHL
NFL
Soccer
Sports Teams
WWE
NCAA
Football
Premier League
Basketball
Baseball
Hockey
Golf
Tennis
Cricket
Rugby
Auto Racing
Olympics
World Cup
Random Quiz
Search Sporcle
×
Quiz Lab
Quiz Lab
Sports
Type in answers that appear in a list
Type in answers that appear in a list
Classic
Best Score? Go Orange.
History of NHL teams Stats
Can you name the History of NHL teams?
By
alexrios4
8m
30 Questions
3 Plays
3 Plays
3 Plays
Comments
Comments
Give Quiz Kudos
Give Quiz Kudos
-
- Ratings
hide this ad
Replay
Link that replays current quiz
Next Quiz
Link to next quiz in quiz playlist
You Got
0%
They Got
Avg Score
58%
Avg Friend Score
Upgrade to see
Score Distribution
Jump to the score distribution portion of the page
Score
0/30
Timer
08:00
0
Plays Today
NHL Team
Franchise Date
% Correct
Nashville Predators
June 25, 1997
100%
AtlantaThrashers
June 25, 1997
100%
Columbus Blue Jackets
June 25, 1997
100%
Minnesota Wild
June 25,1997
100%
Boston Bruins
November 1, 1924
66.7%
Chicago Blackhawks
September 25, 1926
66.7%
Detroit Red Wings
September 25, 1926
66.7%
Los Angeles Kings
June 5, 1967
66.7%
Philadelphia Flyers
June 5, 1967
66.7%
Pittsburgh Penguins
June 5, 1967
66.7%
St. Louis Blues
June 5, 1967
66.7%
Buffalo Sabres
May 22,1970
66.7%
Vancouver Canucks
May 22, 1970
66.7%
Calgary Flames
June 6, 1972
66.7%
New York Islanders
June 6, 1972
66.7%
NHL Team
Franchise Date
% Correct
Colorado Avalanche
June 22,1979
66.7%
Edmonton Oilers
June 22. 1979
66.7%
Phoenix Coyotes
June 22, 1979
66.7%
Carolina Hurricanes
June 22, 1979
66.7%
Mighty Ducks of Anaheim
June 15, 1993
66.7%
Montreal Canadiens
November 26,1917
33.3%
Toronto Maple Leafs
November 26, 1917
33.3%
New York Rangers
May 15, 1926
33.3%
New Jersey Devils
June 11, 1974
33.3%
Washington Capitals
June 11, 1974
33.3%
San Jose Sharks
May 9, 1990
33.3%
Ottawa Senators
December 16, 1991
33.3%
Tampa Bay Lightning
December 16, 1991
33.3%
Florida Panthers
June 14,1993
33.3%
Dallas Stars
June 5, 1926
0%
Quiz Playlist
Details
Report
Send in Message
Add To Playlist
Classic:
Type in answers that appear in a list
Last Updated: Feb 16, 2017
Quiz Scoreboard
CHALLENGE
Sign Up to Join the Scoreboard
Show All
Scores
Hide
Comments
May contain spoilers
Recently Published
Presidents Visiting Landmarks
by Hejman
History
7m
An Introduction to Baseball
by treessimontrees
Sports
5m
Movies - When Are They Set?
by FPL_Elf
Movies
5m
More to Explore
Quiz From the Vault
Featured Blog Post
Where Did the Easter Bunny Come From?
hide this ad
You Might Also Like...
Tags
This quiz does not have any tags.
Today's Top Quizzes in Sports
Browse Sports
hide this ad
Top Contributed Quizzes in Sports
1
Les meilleurs buteurs des matchs entre le PSG et l’OM
2
2022 World Cup Stars
3
FIFA Club World Cup Champions
4
Les entraîneurs de l'OM et du PSG au 21e siècle
5
Name the Premier League winners with different clubs
6
La finale Lions - Afrique du Sud 2021
7
5-to-1: UK Sports Teams
8
England Test cricketers to play under Nasser Hussain
9
Players with Multiple 50 Home Run Seasons
10
AFC Teams Reveal (Wrong Answers Minefield)
Explore More
Trending Topics
Kpop
Harry Potter
Marvel
Crossword
NBA
Disney
Anime
NFL
Song
Soccer
The Office
Pokémon
Country
Puzzle
WWE
hide this ad
More By:
alexrios4
Quiz
Plays
Rating
Category
Featured
Created
History of NHL teams
3
Sports
Jul 20, 2011
Go to Creator's Profile
Score Distribution
Quiz Creator Spotlight
alexrios4
Follow
Send a Message
Quizzes Created
-
Created Quiz Play Count
-
More By This Creator
Popular Quizzes Today
1
Find the US States - No Outlines Minefield
2
Find the Countries of Europe - No Outlines Minefield
3
The Countries of the World
4
Find the US States
5
Popular People in 1961
6
US States
7
Risky Map Clicking: Biggest States A-Z
8
1-10 Letter E Words III
More Sports Quizzes
Bleacher Reports 25 Best NBA Players of the 80's
Curator's Pick
Trending Quizzes
Risky Map Clicking: Least Populous States A-Z
1-10 Letter G Words
1-10 Letter F Words
One Thing in Common: United Kingdom
Risky Map Clicking: Next State Alphabetically
Recently Updated
Leaping Animals
pecheneg
Reality TV Shows (A-Z)
bhenderson79
Rickey Henderson's Hall of Fame Teammates
pecheneg
Champions League XIs: Arsenal
pecheneg
Quick Pick: Celebrities in WWE's Hall of Fame
aduchscher
A-Z Keypad Blitz II
pecheneg
Multiple Oscar Actors
pecheneg
Mystery Phrase Blitz: Oscar 'Best Actors'
pecheneg
F. Scott Fitzgerald Novels
LTH
Pick 3 Villains
ddd62291
Trending Topics
Harry Potter
Crossword
Disney
Anime
Kpop
Marvel
NBA
NFL
The Office
Soccer
Pokémon
Song
Puzzle
WWE
Country
Your Account Isn't Verified!
In order to create a playlist on Sporcle, you need to verify the email address you used during registration. Go to your
Sporcle Settings
to finish the process.
Report this User
Report this user for behavior that violates our
Community Guidelines
.
Details:
Send Report
Go to the Sporcle.com Mobile Site →
Comments